| 000 | 01017nam a2200265 4500 | ||
|---|---|---|---|
| 003 | OSt | ||
| 005 | 20260601171001.0 | ||
| 008 | 260420b1998\\\\mx\a||||\||||\00|\0\spa\d | ||
| 020 | _a9686914714 | ||
| 040 |
_aICI _bspa _cICI |
||
| 050 |
_aNA759.A68 _bA58 1998 |
||
| 100 | 1 |
_aÁlvarez, Augusto H., _d1914-1995, |
|
| 245 | 1 |
_aHistoria oral de la Ciudad de México : _btestimonios de sus arquitectos, 1940-1990 / |c Augusto H. Álvarez ; investigación, entrevistas y edición, Graciela de Garay |
|
| 250 | _a2a ed. | ||
| 264 |
_bInstituto de Investigaciones Dr. José María Luis Mora, _c1998 _aMéxico, D.F. : |
||
| 300 | _a76 páginas | ||
| 336 |
_atexto _2rdacontent |
||
| 337 |
_asin medio _2rdamedia |
||
| 338 |
_avolumen _2rdacarrier |
||
| 600 | 1 |
_aAlvarez, Augusto H., _d1914- |
|
| 650 | 4 |
_aArquitectura moderna _ySiglo XX _zCiudad de México _931415 |
|
| 651 | 4 |
_aCiudad de México _xEdificios, estructuras, etc. _xHistoria _931416 |
|
| 700 | 1 |
_aGaray Arellano, Graciela de, _eeditor _931417 |
|
| 942 |
_2lcc _cB |
||
| 999 |
_c20067 _d20067 |
||